|
|
|
|
| LEADER |
00000nam0a2200000 4500 |
| 001 |
174797 |
| 005 |
20231101223202.0 |
| 035 |
|
|
|a (RuTPU)RU\TPU\book\189545
|
| 090 |
|
|
|a 174797
|
| 100 |
|
|
|a 20100204d1947 m y0rusy50 ca
|
| 101 |
0 |
|
|a rus
|
| 102 |
|
|
|a RU
|
| 105 |
|
|
|a a z 001zy
|
| 200 |
1 |
|
|a Физико-химические свойства индивидуальных углеводородов
|f под ред. М. Д. Тиличеева
|
| 210 |
|
|
|a Москва
|c Гостоптехиздат
|d 1947
|a Ленинград
|
| 215 |
|
|
|a 319 с.
|c ил.
|
| 225 |
1 |
|
|a Труды комитета по унификации физико-химических констант углеводородов
|v Вып. 2
|
| 320 |
|
|
|a Библиогр.: с. 321.
|
| 606 |
1 |
|
|a Углеводороды
|x Физико-химические свойства
|x (химия)
|2 stltpush
|3 (RuTPU)RU\TPU\subj\75987
|9 87468
|
| 610 |
1 |
|
|a индивидуальные углеводороды
|
| 610 |
1 |
|
|a насыщенный пар
|
| 610 |
1 |
|
|a давление
|
| 610 |
1 |
|
|a вязкость
|
| 610 |
1 |
|
|a свободные энергии
|
| 610 |
1 |
|
|a газообразные углеводороды
|
| 610 |
1 |
|
|a энтропия
|
| 610 |
1 |
|
|a испарение
|
| 675 |
|
|
|a 547.2/.3:544
|v 3
|
| 702 |
|
1 |
|a Тиличеев
|b М. Д.
|4 340
|
| 801 |
|
1 |
|a RU
|b 63413507
|c 20100204
|
| 801 |
|
2 |
|a RU
|b 63413507
|c 20170127
|g RCR
|
| 942 |
|
|
|c BK
|